Intercultural Knowledge Sharing in MNCs A Glocal and Inclusive Approach in the Digital Age /

This book provides a systematic view of current and future research perspectives on intercultural knowledge sharing and offers a model for the growth of organizational knowledge in the digital age. The author puts forward multidisciplinary and multi-paradigmatic approaches to offer an updated view o...

Full description

Bibliographic Details
Main Author: Maimone, Fabrizio (Author, http://id.loc.gov/vocabulary/relators/aut)
Corporate Author: SpringerLink (Online service)
Format: Electronic eBook
Language:English
Published: Cham : Springer International Publishing : Imprint: Palgrave Macmillan, 2018.
Edition:1st ed. 2018.
Subjects:
Online Access:Full Text via HEAL-Link
LEADER 03569nam a2200517 4500
001 978-3-319-57297-0
003 DE-He213
005 20191029001537.0
007 cr nn 008mamaa
008 171111s2018 gw | s |||| 0|eng d
020 |a 9783319572970  |9 978-3-319-57297-0 
024 7 |a 10.1007/978-3-319-57297-0  |2 doi 
040 |d GrThAP 
050 4 |a HD30.2 
072 7 |a KJMV3  |2 bicssc 
072 7 |a BUS083000  |2 bisacsh 
072 7 |a KJMK  |2 thema 
082 0 4 |a 658.4038  |2 23 
100 1 |a Maimone, Fabrizio.  |e author.  |4 aut  |4 http://id.loc.gov/vocabulary/relators/aut 
245 1 0 |a Intercultural Knowledge Sharing in MNCs  |h [electronic resource] :  |b A Glocal and Inclusive Approach in the Digital Age /  |c by Fabrizio Maimone. 
250 |a 1st ed. 2018. 
264 1 |a Cham :  |b Springer International Publishing :  |b Imprint: Palgrave Macmillan,  |c 2018. 
300 |a XVII, 195 p. 15 illus., 12 illus. in color.  |b online resource. 
336 |a text  |b txt  |2 rdacontent 
337 |a computer  |b c  |2 rdamedia 
338 |a online resource  |b cr  |2 rdacarrier 
347 |a text file  |b PDF  |2 rda 
505 0 |a 1. Introduction -- 2. Culture, Glocalization, Complexity -- 3. Organizational Knowledge and Intercultural Management -- 4. Intercultural Knowledge Sharing in MNCs, Towards a Complex and Dynamic Model -- 5. Toward an Integrated and Inclusive Approach to Intercultural Knowledge Sharing -- 6. An Integrated Approach to Facilitate Knowledge Sharing Among and Beyond Cultural Barriers, Using Social Media. 
520 |a This book provides a systematic view of current and future research perspectives on intercultural knowledge sharing and offers a model for the growth of organizational knowledge in the digital age. The author puts forward multidisciplinary and multi-paradigmatic approaches to offer an updated view on the best practices towards international management. With insights on the opportunities and limitations of the use of digital and social media to facilitate intercultural knowledge sharing in business, the book explores the evolution of research on the topic, taking into account the consequence of "glocalization" as well as technological innovation and the evolution of organizational strategies and structures. Intercultural Knowledge Sharing in MNCs will be of use to scholars of management and organizational studies, as well as managers of international businesses interested in knowledge sharing, as it delivers an invaluable model which aims to conciliate diversity and inclusion, global and local knowledge, technological innovation and humanism. . 
650 0 |a Knowledge management. 
650 0 |a Organization. 
650 0 |a Planning. 
650 0 |a International business enterprises. 
650 0 |a Internet marketing. 
650 1 4 |a Knowledge Management.  |0 http://scigraph.springernature.com/things/product-market-codes/515030 
650 2 4 |a Organization.  |0 http://scigraph.springernature.com/things/product-market-codes/516000 
650 2 4 |a International Business.  |0 http://scigraph.springernature.com/things/product-market-codes/525000 
650 2 4 |a Online Marketing/Social Media.  |0 http://scigraph.springernature.com/things/product-market-codes/513010 
710 2 |a SpringerLink (Online service) 
773 0 |t Springer eBooks 
776 0 8 |i Printed edition:  |z 9783319572963 
776 0 8 |i Printed edition:  |z 9783319572987 
776 0 8 |i Printed edition:  |z 9783319861258 
856 4 0 |u https://doi.org/10.1007/978-3-319-57297-0  |z Full Text via HEAL-Link 
912 |a ZDB-2-BUM 
950 |a Business and Management (Springer-41169)